000 00622nam a22002177a 4500
003 OSt
005 20220107122800.0
008 150505b xxu||||| |||| 00| 0 eng d
020 _a9788184897975
040 _cIIITMK
082 _a006.35 KAO/ N
100 _aKao, Anne (Ed.)
_96819
245 _a Natural language processing and text mining
250 _aSpringer International Edition
260 _aNew Delhi
_bSpringer (India) Pvt. Ltd.
_c2014
300 _axii, 265p.
650 _aNATURAL LANGUAGE PROCESSING
_96820
650 _aTEXT MINING
_96821
700 _aPoteet, Stephen R. (Ed.)
_96822
942 _2ddc
_cBK
999 _c4690
_d4690